000
00309nam a2200121Ia 4500
008
240624s9999 xx 000 0 und d
041
_a
eng
082
_a
006.74 LOW
100
_a
LOWERY JOSEPH W
245
_a
DREAMWEAVER MX 2004 BIBLE
260
_c
2004
_a
New Delhi
_b
Wiley Dreamtech India
300
_a
xxxi, : 1177
999
_c
956
_d
956